Reglamento para fijar dotaciones mínimas de seguridad de las naves

Guardat en:
Dades bibliogràfiques
Autor corporatiu: Armada de Chile (Autor), DIRECTEMAR (Autor)
Format: Llibre
Idioma:espanyol
Publicat: Valparaíso Dirección General del Territorio Marítimo y de Marina Mercante 1999
Col·lecció:Público, TM-030
Matèries:
Etiquetes: Afegir etiqueta
Sense etiquetes, Sigues el primer a etiquetar aquest registre!

MARC

LEADER 00000nam a2200000 a 4500
001 UCM9163
003 CL-VaPUC
008 030411e19990000CL |||||||||||||||||spa|d
082 0 4 |a 343.0966  |b ARM  |2 21 
110 2 |a Armada de Chile  |e author  |9 475595 
710 2 |a DIRECTEMAR  |e author  |9 475596 
245 1 0 |a Reglamento para fijar dotaciones mínimas de seguridad de las naves 
300 |a 11 p 
942 |c BK 
945 |d 20030411 00:00:00  |a cmena 
260 |a Valparaíso  |b Dirección General del Territorio Marítimo y de Marina Mercante  |c 1999 
650 0 |a Derecho marítimo  |9 255301 
650 0 |a Transporte marítimo  |9 260127 
650 0 |a Barcos   |9 260866 
650 0 |a Medidas de seguridad  |9 264085 
583 |a last modification  |c 20030411 00:00:00  |k Rodrigo Vera 
490 0 |a Público, TM-030 
999 |c 303539  |d 303537 
952 |0 0  |1 0  |4 0  |6 343_096600000000000_ARM_1999  |7 0  |8 CCM  |9 364889  |a BIBCUR  |b BIBCUR  |d 2019-11-21  |i 3894622  |o 343.0966 ARM 1999  |p 3894622  |r 2025-04-22  |w 2019-11-21  |y BK  |k CIM